000 00294nam a2200109Ia 4500
008 190802s9999 xx 000 0 und d
100 _aDr. Tahir Nayyar
245 0 _aUrdu Shayari main Pakistani Qomyat ka Izhaar
260 _aKarachi
_bAnjuman Tarakki Urdu
_c1999
300 _a478:p
942 _cBK
999 _c2486
_d2486